000 00511nam a2200229Ia 4500
003 OSt
005 20220912144326.0
006 a|||||r|||| 00| 0
007 ta
008 220909b |||||||| |||| 00| 0 eng d
020 _aSL01024821
024 _a196146
037 _cTextual
040 _aCSL
_beng
_cCSL
041 _aeng
082 _aY73:6, NO
100 _aDOSHI
245 0 _aTRIBAL ETHNICITY
700 _aDOSHI
942 _hY73:6, NO
_cTEXL
_2CC
999 _c4930
_d4930